000 01120 a2200217 4500
003 Nust
005 20220811150018.0
010 _a 95047216
020 _a0195087267
040 _cNust
082 0 0 _a621.3678,SCH
100 1 _aSchott, John R.
_996906
245 1 0 _aRemote sensing :
_bthe image chain approach /
_cJohn R. Schott.
260 _aNew York :
_bOxford University Press,
_c1997.
300 _axiv, 394 p. :
_bill. (some col.), maps ;
_c26 cm.
505 _aIntroduction (Page-1), Historical Perspective and Photo Menstruation (Page-19), Radiometry and Radiation Propagation (Page-47), The Governing for reaching The Sensor (Page-89), Sensors (Page-125), Atmospheric Calibration (Page-191), Digital Image Processing for Image Exploitation (Page-233), Information Dissemination (Page-289), Weak Links in The Chain (Page-315), Image Modeling (Page-363).
650 0 _aRemote sensing.
856 4 2 _3Publisher description
_uhttp://www.loc.gov/catdir/enhancements/fy0605/95047216-d.html
856 4 2 _3Table of contents only
_uhttp://www.loc.gov/catdir/enhancements/fy0605/95047216-t.html
942 _cREF
_2ddc
999 _c217288
_d217288